Statistics for States That Beat Nevada

Click here to take the quiz!

General Stats

  • This quiz has been taken 210 times
  • The average score is 16 of 18

Answer Stats

RankCategoryAnswer% Correct
7Largest by AreaAlaska | Texas | California | Montana | New Mexico | Arizona
99%
9(t)*Highest % Native AmericanAlaska | New Mexico | South Dakota | Oklahoma | Montana | North Dakota | Arizona | Wyoming | Washington(t)
98%
9Largest Unsheltered Homeless PopulationCalifornia | Florida | Texas | Oregon | Washington | Arizona | New York | Georgia
98%
9Highest Maximum ElevationAlaska | California | Colorado | Washington | Wyoming | Hawaii | Utah | New Mexico
97%
9Lowest Population DensityAlaska | Wyoming | Montana | North Dakota | South Dakota | New Mexico | Idaho | Nebraska
97%
10Fewest Counties or County-EquivalentsDelaware | Hawaii | Rhode Island | Connecticut | New Hampshire | Massachusetts | Vermont | Arizona | Maine
97%
5Highest % ImmigrantsCalifornia | New York | New Jersey | Florida
93%
6Highest % AsianHawaii | California | New Jersey | Washington | New York
93%
5Highest % HispanicNew Mexico | Texas | California | Arizona
93%
4Most International TouristsNew York | Florida | California
93%
7Highest Net Migration (July 2018-July 2019)Florida | Texas | Arizona | North Carolina | South Carolina | Georgia
86%
5Most Solar PowerCalifornia | Arizona | North Carolina | New Jersey
85%
5Lowest % WhiteHawaii | California | New Mexico | Texas
85%
5Largest Span Between Highest and Lowest PointsAlaska | California | Washington | Hawaii
83%
5Highest Mean ElevationColorado | Wyoming | Utah | New Mexico
83%
7Lowest % ForestedNorth Dakota | Nebraska | South Dakota | Kansas | Iowa | Illinois
81%
6Lowest % With a College DegreeWest Virginia | Mississippi | Arkansas | Louisiana | Kentucky
80%
6Closest in the 2020 Presidential ElectionGeorgia | Arizona | Wisconsin | Pennsylvania | North Carolina
77%

Score Distribution

Percentile by Number Answered

Percent of People with Each Score

Your Score History

You have not taken this quiz